西武鉄道の駅(五十音順) - Statistics

General Stats
  • This quiz has been taken 67 times
  • The average score is 77 of 92
Answer Stats
頭文字 路線 駅名 % Correct
新宿線 西武新宿
98%
狭山線/山口線 西武球場前
95%
池袋線/新宿線 所沢
95%
池袋線/狭山線 西所沢
95%
新宿線 沼袋
95%
拝島線 拝島
95%
池袋線/秩父線 吾野
93%
池袋線 江古田
93%
新宿線/拝島線 小平
93%
池袋線 石神井公園
93%
新宿線 田無
93%
池袋線/豊島線/有楽町線 練馬
93%
新宿線/国分寺線/西武園線 東村山
93%
池袋線 秋津
90%
池袋線 池袋
90%
池袋線 入間市
90%
国分寺線/多摩湖線 国分寺
90%
狭山線 下山口
90%
西武園線 西武園
90%
秩父線 西武秩父
90%
新宿線 高田馬場
90%
拝島線 玉川上水
90%
新宿線 中井
90%
秩父線 芦ヶ久保
88%
池袋線 稲荷山公園
88%
新宿線 入曽
88%
新宿線 航空公園
88%
新宿線 新所沢
88%
新宿線 西武柳沢
88%
豊島線 豊島園
88%
池袋線 練馬高野台
88%
新宿線 野方
88%
池袋線 飯能
88%
池袋線 東長崎
88%
池袋線 東飯能
88%
新宿線 本川越
88%
新宿線 南大塚
88%
新宿線 新井薬師前
85%
池袋線 大泉学園
85%
池袋線 小手指
85%
多摩川線 是政
85%
池袋線 桜台
85%
拝島線 西武立川
85%
多摩湖線/山口線 多摩湖
85%
秩父線 西吾野
85%
池袋線 保谷
85%
新宿線 上井草
83%
新宿線 上石神井
83%
池袋線 清瀬
83%
有楽町線 小竹向原
83%
池袋線 椎名町
83%
新宿線 新狭山
83%
山口線 西武園ゆうえんち
83%
新宿線 都立家政
83%
池袋線 中村橋
83%
池袋線 東吾野
83%
池袋線 ひばりヶ丘
83%
池袋線 仏子
83%
秩父線 横瀬
83%
拝島線/国分寺線 小川
80%
国分寺線 恋ヶ窪
80%
新宿線 狭山市
80%
新宿線 下井草
80%
新宿線 下落合
80%
秩父線 正丸
80%
有楽町線 新桜台
80%
新宿線 花小金井
80%
池袋線 東久留米
80%
拝島線 東大和市
80%
新宿線 井荻
78%
新宿線 鷺ノ宮
78%
池袋線 狭山ヶ丘
78%
多摩川線 白糸台
78%
多摩川線 多磨
78%
多摩川線 武蔵境
78%
新宿線 久米川
76%
拝島線/多摩湖線 萩山
76%
池袋線 富士見台
76%
多摩川線 競艇場前
73%
池袋線 高麗
73%
新宿線 東伏見
73%
多摩湖線 一橋学園
73%
新宿線 武蔵関
73%
池袋線 武蔵藤沢
73%
多摩湖線 武蔵大和
73%
池袋線 武蔵横手
73%
多摩川線 新小金井
71%
多摩湖線 青梅街道
68%
拝島線 武蔵砂川
68%
多摩湖線 八坂
68%
国分寺線 鷹の台
66%
池袋線 元加治
63%
No matching quizzes found
Score Distribution
Percent of People with Each Score
Percentile by Number Answered
Your Score History
You have not taken this quiz